UBT Library

Dreamweaver CS4 / (Record no. 44766)

000 -LEADER
fixed length control field 00916cam a22002894a 4500
001 - CONTROL NUMBER
control field 15929762
005 - DATE AND TIME OF LATEST TRANSACTION
control field 20180312091426.0
008 - FIXED-LENGTH DATA ELEMENTS--GENERAL INFORMATION
fixed length control field 091001s2009 caua 001 0 eng
010 ## - LIBRARY OF CONGRESS CONTROL NUMBER
LC control number 2009502799
015 ## - NATIONAL BIBLIOGRAPHY NUMBER
National bibliography number GBA8B6948
Source bnb
016 7# - NATIONAL BIBLIOGRAPHIC AGENCY CONTROL NUMBER
Record control number 014772144
Source Uk
020 ## - INTERNATIONAL STANDARD BOOK NUMBER
International Standard Book Number 9780596522926 (pbk.)
020 ## - INTERNATIONAL STANDARD BOOK NUMBER
International Standard Book Number 0596522924 (pbk.)
035 ## - SYSTEM CONTROL NUMBER
System control number (OCoLC)ocn261955291
040 ## - CATALOGING SOURCE
Original cataloging agency UKM
Transcribing agency UKM
Modifying agency YDXCP
-- BWX
-- ABG
-- OCLCQ
-- EINCP
-- DLC
041 ## - LANGUAGE CODE
Language code of text/sound track or separate title eng
042 ## - AUTHENTICATION CODE
Authentication code lccopycat
080 ## - UNIVERSAL DECIMAL CLASSIFICATION NUMBER
Universal Decimal Classification number 006.78 DAV
082 04 - DEWEY DECIMAL CLASSIFICATION NUMBER
Classification number 006.78 DAV
Edition number 22
100 1# - Rafti
Rafti 30
101 ## - Shkurtesa
Shkurtesa SGK
245 10 - TITLE STATEMENT
Title Dreamweaver CS4 /
Statement of responsibility, etc David Sawyer McFarland.
246 3# - VARYING FORM OF TITLE
Title proper/short title Dreamweaver CS4 :
Remainder of title the missing manual
906 ## - LOCAL DATA ELEMENT F, LDF (RLIN)
a 7
b cbc
c copycat
d 3
e ncip
f 20
g y-gencatlg
942 ## - ADDED ENTRY ELEMENTS (KOHA)
Source of classification or shelving scheme
Item type Books
Holdings
Withdrawn status Lost status Source of classification or shelving scheme Damaged status Not for loan Collection code Permanent location Current location Shelving location Date acquired Total Checkouts Full call number Barcode Date last seen Price effective from Koha item type
          Koleksioni i përgjithshem UBT - Lipjan UBT - Lipjan Koleksioni i përgjithshem 03/12/2018   006.78 DAV 002-3001392 03/12/2018 03/12/2018 Books
UBT Library © 2015-2024. All rights reserved University Education for Business and Technology